कविता के मानवीय सरोकार (Record no. 41763)
[ view plain ]
| 000 -LEADER | |
|---|---|
| fixed length control field | 005840000a22001810004500 |
| 003 - CONTROL NUMBER IDENTIFIER | |
| control field | MACL |
| 005 - DATE AND TIME OF LATEST TRANSACTION | |
| control field | 20210919151637.0 |
| 008 - FIXED-LENGTH DATA ELEMENTS--GENERAL INFORMATION | |
| fixed length control field | 160501b xxu||||| |||| 00| 0 eng d |
| 040 ## - CATALOGING SOURCE | |
| Original cataloging agency | MACL |
| Transcribing agency | MACL |
| 041 ## - LANGUAGE CODE | |
| Language code of text/sound track or separate title | Hindi |
| 082 ## - DEWEY DECIMAL CLASSIFICATION NUMBER | |
| Classification number | 800 |
| 100 ## - MAIN ENTRY--PERSONAL NAME | |
| Personal name | लाल, चमन |
| 9 (RLIN) | 54813 |
| 245 ## - TITLE STATEMENT | |
| Title | कविता के मानवीय सरोकार |
| Statement of responsibility, etc. | चमन लाल |
| 260 ## - PUBLICATION, DISTRIBUTION, ETC. (IMPRINT) | |
| Name of publisher, distributor, etc. | अनिरूद्ध बुक्स |
| Date of publication, distribution, etc. | 2007 |
| Place of publication, distribution, etc. | नई दिल्ली |
| 350 ## - PRICE (NR) (BK AM CF MU VM SE) [OBSOLETE] | |
| Price | 75 |
| 650 ## - SUBJECT ADDED ENTRY--TOPICAL TERM | |
| Topical term or geographic name as entry element | काव्य समीक्षा |
| 9 (RLIN) | 48818 |
| 942 ## - ADDED ENTRY ELEMENTS (KOHA) | |
| Koha item type | Hindi Books |
| Call number prefix | 800/LAL |
| Source of classification or shelving scheme | |
No items available.









